| 000 | 00425nam a22001697a 4500 | ||
|---|---|---|---|
| 003 | NUST - PNEC | ||
| 005 | 20170116180912.0 | ||
| 008 | 150903b xxu||||| |||| 00| 0 eng d | ||
| 020 | _a0333107942 | ||
| 040 | _cLIBRARY | ||
| 082 | _a62011.II2 RYD | ||
| 100 |
_97097 _a Ryder, G. H. |
||
| 245 |
_aStrength of materials _cG.H.Ryder |
||
| 250 | _a3rd ed. | ||
| 650 |
_97099 _aStrength of materials _xME |
||
| 942 |
_2ddc _cBK |
||
| 999 |
_c65293 _d65293 |
||